التكامل الإقليمي و التنمية / (رقم التسجيلة. 95383)

تفاصيل مارك
000 -LEADER
fixed length control field 00708nam a22002297a 4500
005 - DATE AND TIME OF LATEST TRANSACTION
control field 20251108173053.0
008 - FIXED-LENGTH DATA ELEMENTS--GENERAL INFORMATION
fixed length control field 250721s2003 xx 000 0 ara d
020 ## - INTERNATIONAL STANDARD BOOK NUMBER
International Standard Book Number 9775981042
082 14 - DEWEY DECIMAL CLASSIFICATION NUMBER
Classification number ب د/337.1/ شيف
100 1# - MAIN ENTRY--PERSONAL NAME
Personal name شيف، موريس
245 10 - TITLE STATEMENT
Title التكامل الإقليمي و التنمية /
264 1# - PRODUCTION, PUBLICATION, DISTRIBUTION, MANUFACTURE, AND COPYRIGHT NOTICE
Place of production, publication, distribution, manufacture واشنطن :
Name of producer, publisher, distributor, manufacturer البنك الدولي،
Date of production, publication, distribution, manufacture, or copyright notice 2003.
300 ## - PHYSICAL DESCRIPTION
Extent 297 ص
650 17 - SUBJECT ADDED ENTRY--TOPICAL TERM
Topical term or geographic name as entry element التجارة
650 17 - SUBJECT ADDED ENTRY--TOPICAL TERM
Topical term or geographic name as entry element الإقليمية
650 17 - SUBJECT ADDED ENTRY--TOPICAL TERM
Topical term or geographic name as entry element السياسة التجارية
650 17 - SUBJECT ADDED ENTRY--TOPICAL TERM
Topical term or geographic name as entry element التجارة الحرة
650 17 - SUBJECT ADDED ENTRY--TOPICAL TERM
Topical term or geographic name as entry element العلاقات الإقتصادية الدولية
700 1# - ADDED ENTRY--PERSONAL NAME
Personal name وينترز، ول ألن
942 ## - ADDED ENTRY ELEMENTS (KOHA)
Source of classification or shelving scheme Dewey Decimal Classification
Koha item type كتب
المقتنيات
حالة السحب حالة الفقدان مصدر التصنيف حالة التلف غير قابل للإعارة المكتبة الرئيسية المكتبة الحالية موقع الرف تاريخ التزويد الرقم المتسلسل Total Checkouts رقم الإستدعاء الباركود تاريخ آخر ظهور تاريخ الفاتورة نوع المادة (كوها)
    Dewey Decimal Classification   Not For Loan المكتبة المركزية المكتبة المركزية مركز المعلومات العامة 28/07/2025 854523   ب د/337.1/ شيف 854523 28/07/2025 28/07/2025 كتب
Implemented & Customized by: BBB with SCIT (Smart Chains for Information Technology)

Powered by Koha